000 00553nam a2200229Ia 4500
003 OSt
005 20221005125921.0
006 a|||||r|||| 00| 0
007 ta
008 221004b |||||||| |||| 00| 0 eng d
024 _a55711
037 _cTextual
040 _aCRL
_cCRL
_beng
041 _2eng
_aeng
082 _aV2:10X:M8, H0
100 _aShelvankar K S
_981285
245 0 _aProblem of India
260 _c1940
650 _aHISTORY
942 _hV2:10X:M8, H0
_cTEXL
_2cc
999 _c1055504
_d1055504